Bases conceptuales y operativas. Plan Trienal de Capacitación de los beneficiarios de la II Etapa: 1992-1994 /

Na minha lista:
Detalhes bibliográficos
Autores Corporativos: INA, SENARA IDA IICA
Formato: Texto
Publicado em: Cañas, Guanacaste: SENARA
Tags: Adicionar Tag
Sem tags, seja o primeiro a adicionar uma tag!

MARC

LEADER 00000 a a2200000 04500
001 21792
003
040 |a CRAI/IIS  |c CRAI/IIS 
090 |a 097700  
110 |a INA  
245 |a Bases conceptuales y operativas. Plan Trienal de Capacitación de los beneficiarios de la II Etapa: 1992-1994 /  |c INA  
260 |a Cañas, Guanacaste:   |b SENARA  
300 |a s. p  
710 |a SENARA   |a IDA   |a IICA  
999 |c 3805  |d 3805